000 00617nam a2200253Ia 4500
003 OSt
005 20220912152524.0
006 a|||||r|||| 00| 0
007 ta
008 220909b |||||||| |||| 00| 0 eng d
024 _a43861
037 _cTextual
040 _aCSL
_beng
_cCSL
041 _aeng
082 _aG9555:55955, K6
100 _aPolikarpov G G
245 0 _aRadioecology of aquatic organisms
260 _c1966
300 _ap.
_ccm.
650 _a Marine biology
650 _aBiology
942 _hG9555:55955, K6
_cTEXL
_2CC
999 _c87706
_d87706